000 00902nam a2200277Ia 4500
003 OSt
005 20251114155327.0
008 210210b2019 xxu||||| |||| 00| 0 eng d
020 _a9788193966020
040 _cAL
041 _aKannada
082 _aK894.8 TISS
100 _aTISTA SETALVAD
_dತೀಸ್ತಾ ಸೆಟಲ್ವಾಡ್
_9245592
245 _aSamvidhanada kalalu: tista setalvad nenapugalu
_b ಸಂವಿಧಾನದ ಕಾಲಾಳು: ತೀಸ್ತಾ ಸೆತಲ್ವಾಡ್ ನೆನಪುಗಳು
260 _aBengaluru
_b-
_c2019
300 _axii,256
650 _atista
_9245593
650 _asetalvad
_9245594
650 _aSamvidhanada
_9245595
650 _anenapugalu
_9245596
650 _akalalu
_9245597
690 _aKannada Miscellaneous
_9245598
700 _aSatya S
_dಸತ್ಯಾ ಎಸ್
_9245599
906 _a073725
942 _2ddc
_cBK
999 _c123436
_d123436